000 01381cam a22003131i 4500
003 SA-RiAUC
005 20250326140833.0
008 250320s2013 su f 000 0 ara c
020 _a4240351
040 _aSA-JeALM
_bara
_cSA-RiAUC
_erda
043 _aa-su---
082 0 4 _a332.1221
_qSA-RiAUC
090 _a332.1221
_bب ن ك
110 2 _aبنك البلاد.
_bأمانة الهيئة الشرعية
_eمؤلف.
245 1 2 _aالضوابط المستخلصة من قرارات الهيئة الشرعية لبنك البلاد /
_cأمانة الهيئة الشرعية، بنك البلاد.
250 _aالطبعة الأولى.
264 1 _aالرياض :
_bدار الميمان للنشر والتوزيع،
_c2013
300 _a215 صفحة ؛
_c24 سم.
336 _aنص
_btxt
_2rdacontent
_3كتاب
337 _aبدون وسيط
_bn
_2rdamedia
338 _aمجلد
_bnc
_2rdacarrier
490 0 _aسلسلة مطبوعات المجموعة الشرعية ؛
_v8
610 2 7 _aبنك البلاد (الرياض).
_bأمانة الهيئة الشرعية
_vقوانين داخلية
_2aucnm
650 7 _aالمعاملات (فقه إسلامي)
_2aucsh
650 7 _aالبنوك (فقه إسلامي)
_2aucsh
650 7 _aالبنوك الإسلامية
_zالسعودية
_2aucsh
942 _2ddc
_cBOOK
_n0
949 _aSA-JeALM
_d250320
_uosman123
_n1
999 _c6665
_d6665